000 00452nam a2200157 a 4500
001 000025820
005 20200930024056.0
008 800131s1973 pr 000 p spa
040 _aDO-SdBNP
_bspa
_cBNPHU
082 _axxx
_bG216z
100 1 _aGarcía-Rodríguez, José María ,
_928226
245 1 0 _aZombi /
_cJosé María García-Rodríguez.
260 _aSan Juan, (Puerto Rico) :
_b[s.n.],
_c1973.
300 _a[36] p. ;
_c22 cm.
049 _aBNGR
999 _c25312
_d25312